000 00512nam a2200121 a 4500
008 120416s1988 ||||||||||||||||| || u
050 _aHF 6178 Gar
100 _aGardner, Herbert S
245 1 4 _aThe Advertising agency business: the complete manual for management and operation
260 _aLincolnwood, Ill.
_bNTC Business Books
_c1988
350 _a0.00
995 _D0.00
_FCBU-MAIN LIBRARY (Kitwe)
_H1
_I24.95
_M1
_UAVAILABLE
_ZAnnex Low-Usage Collection
999 _c33632
_d33632